Minimálna mzda a mzdové príplatky v roku 2021

V akej výške garantuje súčasná právna úprava minimálnu výšku platu. Ako sa menia mzdové príplatky od januára 2021.

Uložené v:
Podrobná bibliografia
Hlavný autor: Matlovičová, Iveta
Médium: Kapitola
Jazyk:Slovak
Predmet:
Tagy: Pridať tag
Žiadne tagy, Buďte prvý, kto otaguje tento záznam!

MARC

LEADER 00000naa a2200000 4500
001 0272863
005 20210412083742.9
041 0 |a slo 
044 |a SK 
245 1 0 |a Minimálna mzda a mzdové príplatky v roku 2021  |c Iveta Matlovičová 
520 |a V akej výške garantuje súčasná právna úprava minimálnu výšku platu. Ako sa menia mzdové príplatky od januára 2021. 
610 2 0 |a mzdy minimálne 
610 2 0 |a príplatky 
610 2 0 |a legislatíva 
610 2 0 |a novelizácia 
610 2 0 |a sadzby tarifné mzdové 
100 1 |a Matlovičová, Iveta